000 00900nam a2200205Ia 4500
003 IN-BaIIA
008 211028s9999 xx 000 0 eng d
020 _a0-521-37485-5
040 _cIIA Library
080 _a52-43(082.2)
_bDYN
111 _aConference on Dynamics of Astrophysical Discs
_cdepartment of astronomy, University of Manchester
_d1988 Dec. 13-16
_916588
245 0 _aDynamics of astrophysical discs
_bproceedings of a conference on dynamics of astrophysical discs held in the department of astronomy, University of Manchester, 13-16 December 1988
_cedited by J. A. Sellwood
260 _aCambridge
_bCambridge University Press
_c1989
300 _axv, 257p.
650 _aAccretion disks
_98621
650 _aAstronomy and astrophysics thesaurus
650 _aCircumstellar disks
_916589
700 _aSellwood, J. A., ed.
_916590
942 _cBK
999 _c9799
_d9799